00265nam a2200097Ia 4500008004100000100001100041245005500052260003500107300000900142650001600151191201s2018 xx 000 0 und d aRAM, B 0aFundamentals of Microprocessors & Microcontrollers bDhanpat Rai Pub Co. Ltd.c2018 aMISC aB.Tech(ECE)